Statistics for Countries with Ancient Egyptian Obelisks

Click here to take the quiz!

General Stats

  • This quiz has been taken 46 times
  • The average score is 7 of 9

Answer Stats

#Country% Correct
11Egypt
100%
1United States
91%
1United Kingdom
89%
12Italy
86%
1France
86%
1Israel
70%
1Turkey
70%
1Poland
45%
1Vatican City
36%

Score Distribution

Percentile by Number Answered

Percent of People with Each Score

Your Score History

You have not taken this quiz